000 01250cam a22003014a 4500
001 11797500
003 OSt
005 20151013173154.0
008 990927s2006 enka b 001 0 eng
010 _a 99049791
020 _a9780750688437
040 _aDLC
_cDLC
_dDLC
042 _apcc
050 0 0 _aRM871
_b.L69 2000
082 0 0 _a615.845
_221
_bLJE
100 1 _aLow, John
_q(John L.)
_952245
245 1 0 _aElectrotherapy explained :
_bprinciples and practice /
_cJohn Low, Ann Reed ; foreword by Mary Dyson.
250 _a4th ed.
260 _aOxford ;
_aBoston, MA :
_bButterworth-Heinemann,
_c2006.
300 _axii, 431 p. :
_bill. ;
_c25 cm. +
_e1 computer laser optical disc (4 3/4 in.)
504 _aIncludes bibliographical references and index.
538 _aSystem requirements for the accompanying computer disc: Windows 95 or Windows 98, IBM-compatible PC, minimum 16MB, and CD-ROM drive.
650 0 _aElectrotherapeutics.
_938246
700 1 _aReed, Ann,
_cSRP.
_952246
906 _a7
_bcbc
_corignew
_d1
_eocip
_f19
_gy-gencatlg
942 _2ddc
_cBOOK
999 _c38427
_d272927